NLSUI OPAC header image

Handbook Santhal parganas tenancy laws : With rules along with 52 appendices (Record no. 35386)

MARC details
000 -LEADER
fixed length control field 00646nam a2200217Ia 4500
003 - CONTROL NUMBER IDENTIFIER
control field OSt
005 - DATE AND TIME OF LATEST TRANSACTION
control field 20210702153734.0
008 - FIXED-LENGTH DATA ELEMENTS--GENERAL INFORMATION
fixed length control field 160316s2010 xxu||||| |||| 00| 0 eng d
040 ## - CATALOGING SOURCE
Transcribing agency n
082 ## - DEWEY DECIMAL CLASSIFICATION NUMBER
Classification number 346.043420
Item number ROY
100 ## - MAIN ENTRY--PERSONAL NAME
Personal name Roy Pandey R N
245 ## - TITLE STATEMENT
Title Handbook Santhal parganas tenancy laws : With rules along with 52 appendices
250 ## - EDITION STATEMENT
Edition statement 2nd
260 ## - PUBLICATION, DISTRIBUTION, ETC.
Place of publication, distribution, etc. Allahabad
Name of publisher, distributor, etc. Rajpal & Company
Date of publication, distribution, etc. 2010
300 ## - PHYSICAL DESCRIPTION
Extent 351p
Dimensions xi
365 ## - TRADE PRICE
Price amount Rs. 320
650 ## - SUBJECT ADDED ENTRY--TOPICAL TERM
Topical term or geographic name entry element 1. Law of Tenancy - Nagpur
700 ## - ADDED ENTRY--PERSONAL NAME
Personal name
--
856 ## - ELECTRONIC LOCATION AND ACCESS
Uniform Resource Identifier <a href="https://www.indiacode.nic.in/bitstream/123456789/8120/1/santhal_parganas_tenancy_laws_full.pdf">https://www.indiacode.nic.in/bitstream/123456789/8120/1/santhal_parganas_tenancy_laws_full.pdf</a>
942 ## - ADDED ENTRY ELEMENTS (KOHA)
Source of classification or shelving scheme Dewey Decimal Classification
Koha item type BOOKs
Holdings
Withdrawn status Lost status Damaged status Not for loan Home library Current library Shelving location Date acquired Cost, normal purchase price Total Checkouts Full call number Barcode Date last seen Price effective from Koha item type
        . .   30.05.2017 320.00   346.04342 ROY 30966 30.05.2017 30.05.2017 BOOKs